<?xml version="1.0" encoding="UTF-8"?>
<collection xmlns="http://www.loc.gov/MARC21/slim">
 <record>
  <leader>01610nam a2200205Ia 4500</leader>
  <controlfield tag="001">CTU_169642</controlfield>
  <controlfield tag="008">210402s9999    xx            000 0 und d</controlfield>
  <datafield tag="082" ind1=" " ind2=" ">
   <subfield code="a">343.087</subfield>
  </datafield>
  <datafield tag="082" ind1=" " ind2=" ">
   <subfield code="b">H428</subfield>
  </datafield>
  <datafield tag="245" ind1=" " ind2="0">
   <subfield code="a">Hỏi đáp pháp luật về chống bán phá giá :</subfield>
  </datafield>
  <datafield tag="245" ind1=" " ind2="0">
   <subfield code="b">WTO - Hoa Kỳ - EU</subfield>
  </datafield>
  <datafield tag="245" ind1=" " ind2="0">
   <subfield code="c">Phòng Thương mại và Công nghiệp Việt Nam (VCCI)</subfield>
  </datafield>
  <datafield tag="260" ind1=" " ind2=" ">
   <subfield code="a">Hà Nội</subfield>
  </datafield>
  <datafield tag="260" ind1=" " ind2=" ">
   <subfield code="b">Phòng Thương mại và Công nghiệp Việt Nam (VCCI)</subfield>
  </datafield>
  <datafield tag="260" ind1=" " ind2=" ">
   <subfield code="c">2009</subfield>
  </datafield>
  <datafield tag="520" ind1=" " ind2=" ">
   <subfield code="a">Cuốn sách giới thiệu một cách tương đối đầy đủ những quy định hiện hành của WTO, Hoa Kỳ và Liên minh Châu Âu về việc điều tra và áp đặt thuế chống bán phá giá dưới dạng các câu Hỏi và Đáp ngắn gọn với những thông tin pháp lý thiết thực, được trình bày rõ ràng, dễ hiểu, thuận tiện khi tra cứu và tham khảo, hi vọng đây sẽ là một cẩm nang hữu ích cho các doanh nghiệp, các hiệp hội ngành hàng, các nhà quản lý, các nhà nghiên cứu.</subfield>
  </datafield>
  <datafield tag="650" ind1=" " ind2=" ">
   <subfield code="a">Dumping (International trade),Antidumping duties,Bán phá giá (Thương mại quốc tế),Chống bán phá giá</subfield>
  </datafield>
  <datafield tag="650" ind1=" " ind2=" ">
   <subfield code="x">Law and legislation,Law and legislation,Luật và các văn bản quy phạm pháp luật,Luật và các văn bản quy phạm pháp luật</subfield>
  </datafield>
  <datafield tag="904" ind1=" " ind2=" ">
   <subfield code="i">Trọng Hiếu</subfield>
  </datafield>
  <datafield tag="980" ind1=" " ind2=" ">
   <subfield code="a">Trung tâm Học liệu Trường Đại học Cần Thơ</subfield>
  </datafield>
 </record>
</collection>
